|
|
|
|
| LEADER |
00888nab a2200241 i 4500 |
| 001 |
publ6291 |
| 005 |
20180824141237.0 |
| 008 |
160212s2015 hu o 0|| zxx d |
| 022 |
|
|
|a 1769-7212
|
| 024 |
7 |
|
|a 10.1016/j.ejmg.2015.02.010
|2 doi
|
| 024 |
7 |
|
|a 2890026
|2 mtmt
|
| 040 |
|
|
|a SZTE Publicatio Repozitórium
|b hun
|
| 041 |
|
|
|a zxx
|
| 100 |
1 |
|
|a Nagy Nikoletta
|
| 245 |
1 |
0 |
|a Phenotype-genotype correlations for clinical variants caused by CYLD mutations
|h [elektronikus dokumentum] /
|c Nagy Nikoletta
|
| 260 |
|
|
|c 2015
|
| 300 |
|
|
|a 271-278
|
| 490 |
0 |
|
|a EUROPEAN JOURNAL OF MEDICAL GENETICS
|v 58 No. 5
|
| 700 |
0 |
1 |
|a Farkas Katalin
|e aut
|
| 700 |
0 |
1 |
|a Kemény Lajos
|e aut
|
| 700 |
0 |
1 |
|a Széll Márta
|e aut
|
| 856 |
4 |
0 |
|u http://publicatio.bibl.u-szeged.hu/6291/1/2890026_Nagy%20N.pdf
|z Dokumentum-elérés
|
| 856 |
4 |
0 |
|u http://publicatio.bibl.u-szeged.hu/6291/7/2890026_Nagy.pdf
|z Dokumentum-elérés
|